Aunt Ant leaves through the leaves / (Record no. 2388)

MARC details
000 -LEADER
fixed length control field 00965cam a2200277 a 4500
005 - DATE AND TIME OF LATEST TRANSACTION
control field 20231204113411.0
020 ## - INTERNATIONAL STANDARD BOOK NUMBER
International Standard Book Number 9780545698061
040 ## - CATALOGING SOURCE
Original cataloging agency DLC
Transcribing agency DLC
Modifying agency DLC
Language of cataloging eng
050 00 - LIBRARY OF CONGRESS CALL NUMBER
Classification number PZ7.C658
082 00 - DEWEY DECIMAL CLASSIFICATION NUMBER
Classification number 303
100 1# - MAIN ENTRY--PERSONAL NAME
Personal name Coffelt, Nancy
245 10 - TITLE STATEMENT
Title Aunt Ant leaves through the leaves /
Remainder of title a story with homophones and homonyms
Statement of responsibility, etc. by Nancy Coffelt
250 ## - EDITION STATEMENT
Edition statement First Scholastic printing in the USA
260 ## - PUBLICATION, DISTRIBUTION, ETC.
Name of publisher, distributor, etc. Scholastic,
Place of publication, distribution, etc. New York :
Date of publication, distribution, etc. 2012
300 ## - PHYSICAL DESCRIPTION
Extent 18 unnumbered pages :
Other physical details Color illustrations ;
Dimensions 22 cm
505 ## - FORMATTED CONTENTS NOTE
Formatted contents note J <br/>
520 ## - SUMMARY, ETC.
Summary, etc. In a homonym-filled tale reminiscent of "The little red hen," a monkey asks for help moving a stack of bananas so that he can bake a pie.
521 ## - TARGET AUDIENCE NOTE
Target audience note 470 AD <br/>
Source Lexile <br/>
521 ## - TARGET AUDIENCE NOTE
Target audience note J <br/>
Source Raz-Plus <br/>
650 #1 - SUBJECT ADDED ENTRY--TOPICAL TERM
Topical term or geographic name entry element Helpfulness
Form subdivision Fiction.
650 #1 - SUBJECT ADDED ENTRY--TOPICAL TERM
Topical term or geographic name entry element Animals
Form subdivision Fiction.
650 #1 - SUBJECT ADDED ENTRY--TOPICAL TERM
Topical term or geographic name entry element English language
General subdivision Homonyms.
906 ## - LOCAL DATA ELEMENT F, LDF (RLIN)
a 7
b cbc
c orignew
d 1
e ecip
f 20
g y-gencatlg
942 ## - ADDED ENTRY ELEMENTS (KOHA)
Source of classification or shelving scheme Dewey Decimal Classification
Koha item type Books
Suppress in OPAC No
999 ## -
-- 2388
-- 2388
Holdings
Withdrawn status Lost status Source of classification or shelving scheme Damaged status Not for loan Collection Home library Current library Shelving location Date acquired Total Checkouts Full call number Barcode Date last seen Date last checked out Price effective from Koha item type
    Dewey Decimal Classification     Juvenile Fiction Footprints International School Library Network Toul Kork Campus Footprints International School Library Network Toul Kork Campus   11/22/2023 5 COF 303 PZ7.C658 FIS04810 02/27/2024 02/20/2024 11/22/2023 Books